| 000 | 01304nam a22003497i 4500 | ||
|---|---|---|---|
| 003 | EG-GICUC | ||
| 005 | 20260121101446.0 | ||
| 008 | 251209s1957 us o|||fr|||| 001 0 eng d | ||
| 040 |
_aEG-GiCUC _beng _cEG-GiCUC _dEG-GiCUC _eRda |
||
| 041 | _aeng | ||
| 082 | 0 | 4 |
_221 _a341.84 _bCH . C |
| 092 | 0 | 4 | _221 |
| 099 | _aLaw1 12 341.84 CH . C 4 ed - 1957 | ||
| 100 | 1 |
_aCheatham, Elliott E., _d1888-1972, _eAuthor. |
|
| 245 | 1 | 0 |
_aCases and Materials on Conflict of Laws / _cby Elliott E. Cheatham, Herbert F. Goodrich, Erwin N. Griswold, Willis M. Reese. |
| 250 | _aFourth edition. | ||
| 264 | 3 |
_aBrooklyn : _bFoundation Press, Inc., _c1957. |
|
| 300 |
_alxiii, 1008 page : _bPhotograph ; _c 24 cm. |
||
| 336 |
_2rda contenu _a texte |
||
| 337 |
_2rda medias _aOrdinateur |
||
| 338 |
_2 transporteur rda _a Ressource en ligne |
||
| 504 | _aIncludes bibliographical references (pages xlvii-lxiii) and index. | ||
| 546 | _aText in English | ||
| 650 | 1 | 4 |
_2Conflict of laws _xPrivate international law |
| 651 | 1 | _2qrmak | |
| 700 | 1 |
_aGoodrich, Herbert F., _d1889-1962, _eAuthor. |
|
| 700 | 1 |
_aReese, Willis L. M., _eAuthor. |
|
| 700 | 1 |
_aGriswold, Erwin N., _d1904-1994, _eAuthor. |
|
| 856 | 4 | 0 | _uhttps://fll.law.cu.edu.eg/fulltext/bks/B12-01622.pdf |
| 905 |
_a75 _eHassnaa |
||
| 942 |
_2ddc _cBK _e21 _n0 |
||
| 999 |
_c49432 _d49432 |
||